000 00963nam a2200253 i 4500
001 13922
003 ES-MaACL
005 20251009164616.0
007 t|
008 970807s1996 sp a |||| |dspa j
020 _a84-920672-4-1
080 _a821.134.2 Antoniorrobles 1.06(082.2)
245 0 0 _aNuestro Antoniorrobles /
_cselección, edición y bibliografía, Jaime García Padrino.
260 _aMadrid :
_bAsociación Española de Amigos del Libro Infantil y Juvenil,
_cD.L. 1996.
300 _a238 p. :
_bil. ;
_c21 cm.
490 1 _aTemas de literatura infantil ;
_vn. 19
600 0 7 _aAntoniorrobles,
_d1897-1983-
_vHomenajes
_2
_9170087
700 1 _aGarcía Padrino, Jaime.
_955073
700 0 _aAntoniorrobles,
_d1897-1983
_921991
710 2 _aAsociación Española de Amigos del Libro Infantil y Juvenil
_91642
830 0 _aTemas de literatura infantil ;
_vn. 19
_9228475
852 _aES-MaACL
_jL-21227
999 _c13922
_d13922